Catálogo

La sombras de las ideas = (Registro nro. 63336)

Detalles MARC
000 -LEADER
fixed length control field 01336cam a2200373 i 4500
001 - CONTROL NUMBER
control field 63336
003 - CONTROL NUMBER IDENTIFIER
control field Mx-PuUPA
005 - DATE AND TIME OF LATEST TRANSACTION
control field 20250521132055.0
008 - FIXED-LENGTH DATA ELEMENTS--GENERAL INFORMATION
fixed length control field 150818s2009 sp a gr 000 0 spa d
017 ## - COPYRIGHT OR LEGAL DEPOSIT NUMBER
Copyright or legal deposit number M-40-2009
020 ## - INTERNATIONAL STANDARD BOOK NUMBER
International Standard Book Number 9788498412505
040 ## - CATALOGING SOURCE
Original cataloging agency Mx-PuUPA
Language of cataloging spa
Transcribing agency Mx-PuUPA
Modifying agency Mx-PuUPA
Description conventions rda
041 1# - LANGUAGE CODE
Language code of text/sound track or separate title spa
Language code of original lat
100 1# - MAIN ENTRY--PERSONAL NAME
Personal name Bruno, Giordano
Relator term autor
9 (RLIN) 779
240 13 - UNIFORM TITLE
Uniform title De umbris idearum.
Language of a work Español.
245 13 - TITLE STATEMENT
Title La sombras de las ideas =
Remainder of title (de umbris idearum) /Giordano Bruno ; prólogo de Eduardo Vinatea ; traducción del latín de Jordi Raventós
246 31 - VARYING FORM OF TITLE
Title proper/short title De umbris idearum.
264 #1 - PRODUCTION, PUBLICATION, DISTRIBUTION, MANUFACTURE, AND COPYRIGHT NOTICE
Place of production, publication, distribution, manufacture Madrid :
Name of producer, publisher, distributor, manufacturer Ediciones Siruela,
Date of production, publication, distribution, manufacture, or copyright notice 2009
300 ## - PHYSICAL DESCRIPTION
Extent 191 páginas :
Other physical details ilustraciones ;
Dimensions 2009
336 ## - CONTENT TYPE
Content type term texto
Fuente rdacontent
Content type code txt
337 ## - MEDIA TYPE
Media type term sin mediao
Source rdamedia
Media type code n
338 ## - CARRIER TYPE
Carrier type term volumen
Source rdacarrier
Carrier type code nc
490 0# - SERIES STATEMENT
Series statement Biblioteca de ensayo ;
Volume/sequential designation 65
650 #7 - SUBJECT ADDED ENTRY--TOPICAL TERM
Source of heading or term armarc
Topical term or geographic name entry element Mnemotecnia
Form subdivision Obras anteriores a 1800
650 #7 - SUBJECT ADDED ENTRY--TOPICAL TERM
Source of heading or term armarc
Topical term or geographic name entry element Memoria
Form subdivision Obras anteriores a 1800
650 #7 - SUBJECT ADDED ENTRY--TOPICAL TERM
Source of heading or term armarc
Topical term or geographic name entry element Cosmovisión
650 #7 - SUBJECT ADDED ENTRY--TOPICAL TERM
Source of heading or term armarc
Topical term or geographic name entry element Filosofía renacentista
700 1# - ADDED ENTRY--PERSONAL NAME
Personal name Vinatea, Eduardo,
Relator term prologuista
9 (RLIN) 783
700 1# - ADDED ENTRY--PERSONAL NAME
Personal name Raventós, Jordi,
Relator term traductor
9 (RLIN) 784
765 0# - ORIGINAL LANGUAGE ENTRY
Main entry heading Bruno, Giodano,
Title De umbris idearum.
942 ## - ADDED ENTRY ELEMENTS (KOHA)
Source of classification or shelving scheme Dewey Decimal Classification
Koha item type Libro
Classification part 153.14
Item part B8818
Existencias
Withdrawn status Lost status Source of classification or shelving scheme Damaged status Not for loan Collection code Home library Current library Shelving location Date acquired Source of acquisition Total Checkouts Full call number Barcode Date last seen Price effective from Koha item type
    Dewey Decimal Classification     General Centro de Estudios en Ciencia y Religión Centro de Estudios en Ciencia y Religión Sala general 18/08/2015 Compra   153.14 B8818 2009 94317 05/01/2026 20/11/2015 Libro